000 00205nam a2200085Ia 4500
008 120527s9999 xx 000 0 und d
100 _aGilbert, R.Kathleen
245 _aMarriage and family 98/99
942 _cBK
999 _c27562
_d27562